|
|
|
|
| LEADER |
00000nam2a2200000 4500 |
| 001 |
675468 |
| 005 |
20241014141820.0 |
| 035 |
|
|
|a (RuTPU)RU\TPU\book\268919
|
| 090 |
|
|
|a 675468
|
| 100 |
|
|
|a 20241014d1969 k||y0rusy50 ca
|
| 101 |
0 |
|
|a rus
|
| 102 |
|
|
|a RU
|
| 105 |
|
|
|a a z 001zy
|
| 181 |
|
0 |
|a i
|
| 182 |
|
0 |
|a n
|
| 183 |
|
0 |
|a nc
|2 RDAcarrier
|
| 200 |
0 |
|
|a Вып. 3(24)
|f гл. ред. И. М. Коренман
|
| 210 |
|
|
|d 1969
|
| 215 |
|
|
|a 196 с.
|c ил.
|
| 283 |
|
|
|a volume
|
| 320 |
|
|
|a Библиогр. в конце ст.
|
| 461 |
|
1 |
|0 (RuTPU)RU\TPU\book\173187
|t Труды по химии и химической технологии
|o [сборник научных трудов]
|f Горьковский государственный университет им. Н. И. Лобачевского (ГГУ), Научно-исследовательский институт химии
|v Вып. 3(24)
|d 1958-
|
| 606 |
1 |
|
|a Химия
|2 stltpush
|3 (RuTPU)RU\TPU\subj\17362
|9 43035
|
| 606 |
1 |
|
|a Химическая технология
|x Общие вопросы
|2 stltpush
|3 (RuTPU)RU\TPU\subj\68259
|9 83693
|
| 610 |
1 |
|
|a ректификация
|
| 610 |
1 |
|
|a теория растворов
|
| 610 |
1 |
|
|a неэлектролиты
|
| 610 |
1 |
|
|a глубокая очистка
|
| 610 |
1 |
|
|a ректификационные аппараты
|
| 610 |
1 |
|
|a электродиффузия
|
| 610 |
1 |
|
|a амальгамный обмен
|
| 610 |
1 |
|
|a микропримеси
|
| 610 |
1 |
|
|a сублимация
|
| 610 |
1 |
|
|a дистилляция
|
| 610 |
1 |
|
|a хлористые соединения
|
| 610 |
1 |
|
|a органические растворители
|
| 610 |
1 |
|
|a получение
|
| 610 |
1 |
|
|a распределение
|
| 610 |
1 |
|
|a кристаллизация
|
| 610 |
1 |
|
|a молибдат кальция
|
| 610 |
1 |
|
|a фильтрация
|
| 610 |
1 |
|
|a термодинамика
|
| 610 |
1 |
|
|a фотографические методы
|
| 610 |
1 |
|
|a спектральный анализ
|
| 610 |
1 |
|
|a активационный анализ
|
| 610 |
1 |
|
|a нитрид алюминия
|
| 610 |
1 |
|
|a титан
|
| 610 |
1 |
|
|a возгонка
|
| 610 |
1 |
|
|a вакуум
|
| 610 |
1 |
|
|a биоэлектрический метод
|
| 610 |
1 |
|
|a трифенилметановые красители
|
| 610 |
1 |
|
|a металлические никелевые пленки
|
| 610 |
1 |
|
|a получение
|
| 610 |
1 |
|
|a термический распад
|
| 675 |
|
|
|a 54
|v 3
|
| 675 |
|
|
|a 66
|v 3
|
| 702 |
|
1 |
|a Коренман
|b И. М.
|4 651
|
| 801 |
|
1 |
|a RU
|b 63413507
|c 20241014
|
| 801 |
|
2 |
|a RU
|b 63413507
|c 20241014
|g RCR
|
| 850 |
|
|
|a 63413507
|
| 942 |
|
|
|c CR
|